000 00672nam a2200241Ia 4500
003 OSt
005 20220924123329.0
006 a|||||r|||| 00| 0
007 ta
008 220923b |||||||| |||| 00| 0 san d
024 _a41085
037 _cTextual
040 _aARTS
_cARTS
_bsan
041 _2san
_asan
082 _aO15,1A2:g, 111M9
100 _aSarkar R N
_963622
245 0 _aEpisodic interpretation of the Mahabharata
260 _aN.Delhi
_bAtlantic Pub and Distributors India
_c1989
300 _a175p.
_ccm.
650 _aSANSKRIT LITERATURE
942 _hO15,1A2:g, 111M9
_cTEXL
_2CC
999 _c415300
_d415300